| 000 | 01197nam a2200385Ii 4500 | ||
|---|---|---|---|
| 001 | DIGRILEDIT0098 | ||
| 003 | NyNyDIG | ||
| 006 | m o d | ||
| 007 | cr ||||||||||| | ||
| 008 | 140101s2011 cl o 000 1 spa d | ||
| 020 | _z9789562848350 | ||
| 020 | _z9562848353 | ||
| 035 | _a(OCoLC)847712230 | ||
| 040 |
_aDGITA _beng _epn _cDGITA |
||
| 050 | 1 | 4 | _aPQ8098.23.A34 eBook |
| 100 | 1 |
_aMackay, Edgardo, _d1947- |
|
| 245 | 1 | 3 |
_aLa zona crepuscular / _cEdgardo Mackay. |
| 250 | _a1a ed. | ||
| 264 | 1 |
_aProvidencia, Santiago de Chile: _bRIL editores, _c2011. |
|
| 300 | _a1 online resource (258 pages) | ||
| 336 |
_atext _btxt _2rdacontent |
||
| 337 |
_acomputer _bc _2rdamedia |
||
| 338 |
_aonline resource _bcr _2rdacarrier |
||
| 490 | 1 | _aNarrativa. | |
| 490 | 1 | _aBibliodiversidad. | |
| 650 | 0 | _aChilean fiction. | |
| 655 | 0 | _aElectronic books. | |
| 791 | 2 |
_aDigitalia (Firm), _edistributor. |
|
| 830 | 0 | _aNarrativa (RiL Editores) | |
| 830 | 0 | _aBibliodiversidad. | |
| 793 | 0 |
_gDigitalia eBook Collection: _aRil Editores. |
|
| 856 | 4 | 0 |
_3Digitalia Hispánica _uhttps://www.digitaliapublishing.com/a/18694/ |
| 910 | _aPremium Collection: 2007-2012 | ||
| 942 | _cRAA | ||
| 999 |
_c236008 _d236008 |
||